| 000 | 00976nam a2200277 a 4500 | ||
|---|---|---|---|
| 001 | 000023666 | ||
| 005 | 20200930022401.0 | ||
| 008 | 101217s1981 mx 000 0 spa d | ||
| 020 | _a9681305612 | ||
| 020 | _a9681305612 | ||
| 040 |
_aDO-SdBNP _bspa _cBNPHU |
||
| 041 | 1 | 7 |
_aspa _heng _2Código de idiomas MARC |
| 082 |
_a370.102 _bS785i |
||
| 100 | 1 |
_aStanford, Gene. _948754 |
|
| 240 | 1 | 0 |
_aHuman interaction in education. _lEspañol |
| 245 | 1 | 0 |
_aInteracción humana en la educación / _cGene Stanford y Albert E. Roark ; traducción Xavier Ochoa Álvarez. |
| 260 |
_aMéxico, D. F. : _bDiana, _c1981. |
||
| 300 |
_a350 p. ; _c22 cm. |
||
| 534 |
_aTítulo original : _tHuman interaction in education |
||
| 505 | 0 | _aIncluye índice. | |
| 650 | 4 |
_aAnálisis del proceso de integración en educación _948755 |
|
| 650 | 4 |
_aTrabajo en grupos (educación) _948756 |
|
| 700 | 1 |
_aRoark, Albert E. _948757 |
|
| 700 | 1 |
_aOchoa Álvarez, Xavier, _etr. _948758 |
|
| 049 | _aBNGR | ||
| 999 |
_c23162 _d23162 |
||